000 00221nam a2200097Ia 4500
008 190216s9999||||xx |||||||||||||| ||und||
100 _aFakkeer Mohan Senapathi
245 0 _aAare Eeker Nilam
260 _bNull
942 _cBK
999 _c24482
_d24482